គណិតវិទ្យា ថ្នាក់ទី ៨ / (Record no. 6922)
[ view plain ]
| 000 -LEADER | |
|---|---|
| fixed length control field | 01037nam a22002297a 4500 |
| 001 - CONTROL NUMBER | |
| control field | 6922 |
| 003 - CONTROL NUMBER IDENTIFIER | |
| control field | FISKH |
| 005 - DATE AND TIME OF LATEST TRANSACTION | |
| control field | 20250606164947.0 |
| 008 - FIXED-LENGTH DATA ELEMENTS--GENERAL INFORMATION | |
| fixed length control field | 250606b cb ||||| |||| 00| 0 eng d |
| 020 ## - INTERNATIONAL STANDARD BOOK NUMBER | |
| International Standard Book Number | 9789995001223 |
| 040 ## - CATALOGING SOURCE | |
| Original cataloging agency | FISKH |
| Language of cataloging | khr |
| Transcribing agency | FISKH |
| Modifying agency | FISKH |
| 082 ## - DEWEY DECIMAL CLASSIFICATION NUMBER | |
| Classification number | 510 |
| 100 ## - MAIN ENTRY--PERSONAL NAME | |
| Personal name | Somony, Ouk |
| 245 ## - TITLE STATEMENT | |
| Title | គណិតវិទ្យា ថ្នាក់ទី ៨ / |
| Statement of responsibility, etc. | លោកស្រី អ៊ុក សុមុនី ,លោក ប៊ូ សន ,លោក ព្រំ ងួន និង លោក នូ រ៉េត |
| 250 ## - EDITION STATEMENT | |
| Edition statement | បោះពុម្ពឆ្នាំ ២០១៧ |
| 260 ## - PUBLICATION, DISTRIBUTION, ETC. | |
| Place of publication, distribution, etc. | ភ្នំពេញ : |
| Name of publisher, distributor, etc. | គ្រឺះស្ថានបោះពុម្ពនិងចែកផ្សាយ , |
| Date of publication, distribution, etc. | ២០១៧ . |
| 300 ## - PHYSICAL DESCRIPTION | |
| Extent | 234 pages : |
| Other physical details | illustrations ; |
| Dimensions | 25 cm . |
| 520 ## - SUMMARY, ETC. | |
| Summary, etc. | "The Grade 8 Mathematics textbook is designed for 8th-grade students to develop knowledge and skills in mathematics." |
| 700 ## - ADDED ENTRY--PERSONAL NAME | |
| Personal name | Satya, Chom |
| Relator term | Illustrations |
| 942 ## - ADDED ENTRY ELEMENTS (KOHA) | |
| Source of classification or shelving scheme | Dewey Decimal Classification |
| Koha item type | Khmer Books |
| Suppress in OPAC | No |
| Withdrawn status | Lost status | Source of classification or shelving scheme | Damaged status | Not for loan | Collection | Home library | Current library | Shelving location | Date acquired | Total Checkouts | Full call number | Barcode | Date last seen | Price effective from | Koha item type |
|---|---|---|---|---|---|---|---|---|---|---|---|---|---|---|---|
| Dewey Decimal Classification | Khmer Language Books / សៀវភៅភាសាខ្មែរ | Footprints International School Library Network Toul Tom Poung Campus | Footprints International School Library Network Toul Tom Poung Campus | TTP Secondary Khmer Bookshelves | 06/06/2025 | SOM 510 | 2025-1562 | 06/06/2025 | 06/06/2025 | Khmer Books |
